[Event "EU-Cup 38th"]
[Site "Durres"]
[Date "2023.10.07"]
[Round "7.6"]
[White "Takacs, Laszlo"]
[Black "Kaspi, Alexander"]
[Result "1/2-1/2"]
[WhiteElo "2221"]
[BlackElo "2382"]
[PlyCount "181"]
[EventDate "2023.10.01"]
[EventType "team-swiss"]
[EventRounds "7"]
[EventCountry "ALB"]
[SourceTitle "EXT 2024"]
[Source "ChessBase"]
[SourceDate "2023.10.10"]
[SourceVersion "1"]
[SourceVersionDate "2023.10.10"]
[SourceQuality "1"]
[WhiteTeam "Dunajska Streda"]
[BlackTeam "Rishon Le Zzion"]
[WhiteTeamCountry "SVK"]
[BlackTeamCountry "ISR"]

1. e4 c5 2. Nf3 d6 3. d4 cxd4 4. Nxd4 Nf6 5. Nc3 a6 6. Be3 e5 7. Nf3 Qc7 8. a4 b6 9. Be2 Be7 10. 0-0 0-0 11. Bg5 Nbd7 12. Nh4 g6 13. Nf3 Bb7 14. Nd2 Kg7 15. Re1 h6 16. Bxf6+ Nxf6 17. Bc4 Rac8 18. Qe2 a5 19. b3 Rfd8 20. Rad1 d5 21. exd5 Bxd5 22. Nxd5 Nxd5 23. Bxd5 Rxd5 24. Nc4 Rxd1 25. Rxd1 f6 26. Rd5 Rd8 27. Qd3 Rxd5 28. Qxd5 Qd8 29. Qxd8 Bxd8 30. Kf1 Kf7 31. Ke2 Ke6 32. Kd3 Kd5 33. Ne3+ Kc5 34. Ke4 h5 35. h3 h4 36. Nc4 Bc7 37. f3 f5+ 38. Kd3 Kd5 39. Ne3+ Kc5 40. Nc4 Bb8 41. Ne3 Bd6 42. Nc4 Bc7 43. Ne3 Bd8 44. Nc4 Bf6 45. Ne3 Bg5 46. Nd1 Kb4 47. Nc3 Kc5 48. Nb5 Bf4 49. Nc3 Bg3 50. Nb5 Bf2 51. Nc7 Kd6 52. Nb5+ Ke6 53. Nc7+ Kd6 54. Nb5+ Kc6 55. Kc4 Bc5 56. Nc3 Bd4 57. Nd5 Bc5 58. c3 Kd6 59. b4 Bf2 60. Nf6 Ke6 61. Nd5 Kd6 62. Nf6 Ke6 63. Nd5 g5 64. Nc7+ Kd7 65. Nb5 e4 66. fxe4 fxe4 67. bxa5 bxa5 68. Kd5 e3 69. Nd4 Be1 70. c4 Bc3 71. Ne2 Bb2 72. Kc5 Ke6 73. Kb6 Ke5 74. Kxa5 Ke4 75. c5 Kd3 76. Ng1 e2 77. Nxe2 Kxe2 78. c6 Be5 79. Kb6 Kf2 80. a5 Kxg2 81. a6 g4 82. c7 Bxc7+ 83. Kxc7 gxh3 84. a7 h2 85. a8Q+ Kg1 86. Qa1+ Kg2 87. Qb2+ Kg1 88. Qd4+ Kg2 89. Qg4+ Kf2 90. Qxh4+ Kg2 91. Qxh2+ 1/2-1/2

[Event "World-chT Rapid"]
[Site "Dusseldorf"]
[Date "2023.08.27"]
[Round "5.4"]
[White "Tari, Aryan"]
[Black "Kaspi, Alexander"]
[Result "1/2-1/2"]
[WhiteElo "2629"]
[BlackElo "2405"]
[PlyCount "178"]
[EventDate "2023.08.26"]
[EventType "team-swiss (rapid)"]
[EventRounds "12"]
[EventCountry "GER"]
[SourceTitle "CBM 215 Extra"]
[Source "ChessBase"]
[SourceDate "2023.09.30"]
[SourceVersion "1"]
[SourceVersionDate "2023.09.30"]
[SourceQuality "1"]
[WhiteTeam "Chessbrah OFM"]
[BlackTeam "Rishon Le Zion"]
[WhiteTeamCountry "NOR"]
[BlackTeamCountry "ISR"]

1. e4 d5 2. exd5 Qxd5 3. Nc3 Qa5 4. d4 Nf6 5. Nf3 c6 6. Bc4 Bf5 7. Ne5 e6 8. g4 Bg6 9. h4 Nbd7 10. Nxd7 Nxd7 11. h5 Be4 12. 0-0 Bd5 13. Nxd5 cxd5 14. Bd3 g6 15. h6 Bd6 16. Qf3 a6 17. c3 0-0 18. Bd2 Qd8 19. Kg2 Qe7 20. Rae1 Rae8 21. Qh3 Qd8 22. f4 b5 23. a3 Qb8 24. Qf3 Qd8 25. Kh3 Qa8 26. Re2 Qc6 27. Be1 Qa8 28. Bg3 Qc6 29. Rfe1 Qa8 30. Qf2 Qb8 31. Qh2 Qa8 32. Re3 Qb8 33. Kg2 Qa8 34. R1e2 Qc8 35. Kf1 Qa8 36. Ke1 Qd8 37. Kd1 Nb6 38. f5 Bxg3 39. Qxg3 exf5 40. gxf5 Rxe3 41. Rxe3 Qf6 42. Kc2 g5 43. Qh2 Kh8 44. Qc7 Rg8 45. Re7 Rf8 46. Qb7 g4 47. Re2 Qxh6 48. Qxa6 g3 49. Qxb5 Qf6 50. Qc5 Rg8 51. Rg2 h5 52. Qc7 h4 53. Qf4 Qg5 54. Qe5+ f6 55. Qe6 Nc4 56. Kb1 Ne3 57. Rg1 g2 58. Be2 h3 59. Qd6 Nxf5 60. Qc7 Ng3 61. Bd3 f5 62. Qe5+ Qg7 63. Qf4 Qf6 64. Qf3 Qh6 65. Qxd5 h2 66. Qxg2 hxg1Q+ 67. Qxg1 Qh1 68. Qxh1+ Nxh1 69. Bxf5 Kg7 70. a4 Kf6 71. Be4 Nf2 72. Bd5 Rd8 73. c4 Nd3 74. b3 Nb4 75. Bb7 Rd7 76. Ba8 Rxd4 77. Kb2 Ke5 78. a5 Rd7 79. Ka3 Nc2+ 80. Ka4 Kd4 81. Bc6 Rc7 82. Kb5 Kc3 83. Kb6 Re7 84. a6 Nb4 85. a7 Rxa7 86. Kxa7 Nxc6+ 87. Kb6 Nd4 88. c5 Kxb3 89. c6 Nxc6 1/2-1/2

[Event "Arad op 16th"]
[Site "Arad"]
[Date "2023.08.09"]
[Round "4"]
[White "Sai Agni, Jeevitesh J"]
[Black "Kaspi, Alexander"]
[Result "1-0"]
[WhiteElo "2309"]
[BlackElo "2405"]
[PlyCount "75"]
[EventDate "2023.08.07"]
[EventType "swiss"]
[EventRounds "9"]
[EventCountry "ROU"]
[SourceTitle "EXT 2024"]
[Source "ChessBase"]
[SourceDate "2023.10.10"]
[SourceVersion "1"]
[SourceVersionDate "2023.10.10"]
[SourceQuality "1"]

1. d4 d5 2. Nf3 Nf6 3. c3 Bf5 4. Qb3 Qc8 5. c4 e6 6. cxd5 exd5 7. Bf4 c6 8. Nc3 Be7 9. h3 0-0 10. e3 Nbd7 11. Rc1 Bd8 12. Be2 h6 13. 0-0 Bc7 14. Bxc7 Qxc7 15. Nxd5 Nxd5 16. Qxd5 Be6 17. Qb5 Bxa2 18. d5 a6 19. Qd3 Ne5 20. Qd4 Ng6 21. b3 Bxb3 22. Nd2 Ba2 23. Rc2 Qa5 24. Ra1 Qxd5 25. Rcxa2 Qxd4 26. exd4 Rad8 27. Nb3 Rfe8 28. Nc5 Re7 29. Rb1 b5 30. Rd1 a5 31. Bf3 Rd6 32. Rxa5 Nh4 33. Ra8+ Kh7 34. Be4+ f5 35. Bb1 Kg6 36. Rf8 Kg5 37. g3 Nf3+ 38. Kg2 1-0

[Event "Prague Summer op 9th"]
[Site "Prague"]
[Date "2022.08.10"]
[Round "7"]
[White "Kvaloy, Aksel Bu"]
[Black "Kaspi, Alexander"]
[Result "0-1"]
[WhiteElo "2266"]
[BlackElo "2412"]
[PlyCount "80"]
[EventDate "2022.08.05"]
[EventType "swiss"]
[EventRounds "9"]
[EventCountry "CZE"]
[SourceTitle "CBM 209 Extra"]
[Source "ChessBase"]
[SourceDate "2022.09.30"]
[SourceVersion "1"]
[SourceVersionDate "2022.09.30"]
[SourceQuality "1"]

1. e4 c5 2. Nf3 d6 3. d4 cxd4 4. Nxd4 Nf6 5. Nc3 a6 6. Bg5 e6 7. f4 Be7 8. Qf3 Qc7 9. 0-0-0 h6 10. Bh4 Nbd7 11. Be2 Rb8 12. g4 b5 13. Bxf6 gxf6 14. Bd3 b4 15. Nce2 Bb7 16. Kb1 Nc5 17. Ng3 a5 18. Bb5+ Kf8 19. f5 e5 20. Nb3 Nxe4 21. Nxe4 Bxe4 22. Qxe4 Rxb5 23. Rd3 Kg7 24. Rhd1 a4 25. Nd2 Rc8 26. Rc1 a3 27. b3 d5 28. Qe2 Rc5 29. Nf1 e4 30. Rh3 Qe5 31. c4 bxc3 32. Qe3 Kf8 33. Rxh6 Bd6 34. Rh8+ Ke7 35. Rxc8 Rxc8 36. Qa7+ Rc7 37. Qa5 d4 38. Qxe5+ Bxe5 39. Ka1 c2 40. g5 d3# 0-1

[Event "ISR-chT"]
[Site "Israel"]
[Date "2021.05.01"]
[Round "4.2"]
[White "Kaspi, Alexander"]
[Black "Gorodetzky, Matan"]
[Result "1-0"]
[WhiteElo "2443"]
[BlackElo "2276"]
[PlyCount "86"]
[EventDate "2021.04.22"]
[EventType "team-tourn"]
[EventRounds "11"]
[EventCountry "ISR"]
[SourceTitle "EXT 2022"]
[Source "ChessBase"]
[SourceDate "2021.10.06"]
[SourceVersion "1"]
[SourceVersionDate "2021.10.06"]
[SourceQuality "1"]
[WhiteTeam "Rishon Le Zion Feldklein"]
[BlackTeam "Tsafrir Rehovot"]
[WhiteTeamCountry "ISR"]
[BlackTeamCountry "ISR"]

1. Nf3 d5 2. b3 Nf6 3. Bb2 e6 4. e3 Bd6 5. c4 0-0 6. Be2 b6 7. 0-0 Bb7 8. d3 Nbd7 9. Nbd2 Qe7 10. a3 h6 11. Re1 Rfd8 12. Bf1 c5 13. cxd5 exd5 14. Qc2 Rac8 15. g3 Ne5 16. Nh4 Qd7 17. f4 Neg4 18. h3 d4 19. e4 Ne3 20. Rxe3 dxe3 21. Bxf6 exd2 22. Bxd8 Rxd8 23. Rd1 c4 24. bxc4 Bxa3 25. Kh2 Bc5 26. Nf3 Bb4 27. Nxd2 a5 28. Rb1 Bxd2 29. Qxd2 Bxe4 30. Qf2 Bg6 31. Qxb6 a4 32. c5 Rc8 33. Qd6 Qa7 34. g4 a3 35. f5 a2 36. Ra1 Bh7 37. Bg2 g6 38. f6 g5 39. c6 Qe3 40. Rxa2 Qxd3 41. Qxd3 Bxd3 42. Rd2 Bb5 43. c7 Rxc7 1-0

[Event "ISR-chT"]
[Site "Israel"]
[Date "2020.01.18"]
[Round "4.2"]
[White "Bar, Roman"]
[Black "Kaspi, Alexander"]
[Result "1/2-1/2"]
[WhiteElo "2498"]
[BlackElo "2456"]
[PlyCount "47"]
[EventDate "2020.01.10"]
[EventType "team-tourn"]
[EventRounds "11"]
[EventCountry "ISR"]
[SourceTitle "CBM 194 Extra"]
[Source "ChessBase"]
[SourceDate "2020.03.31"]
[SourceVersion "1"]
[SourceVersionDate "2020.03.31"]
[SourceQuality "1"]
[WhiteTeam "Ashdod Elite"]
[BlackTeam "Rishon Le Zion Feldklein"]
[WhiteTeamCountry "ISR"]
[BlackTeamCountry "ISR"]

1. e4 c5 2. Nf3 d6 3. Bb5+ Nd7 4. Ba4 Ngf6 5. 0-0 a6 6. c4 e5 7. d3 h6 8. Nc3 Be7 9. Nh4 g6 10. Nf3 Kf8 11. Rb1 Kg7 12. Bd2 Nb8 13. b4 cxb4 14. Rxb4 Nc6 15. Rb2 Nd7 16. Be3 Nc5 17. Bxc6 bxc6 18. d4 Nd7 19. Qa4 Qc7 20. d5 c5 21. Rfb1 Ra7 22. Bd2 Bd8 23. Qc6 f5 24. Qxc7 1/2-1/2

[Event "WchT Seniors 50"]
[Site "Rhodes"]
[Date "2019.04.18"]
[Round "3.3"]
[White "Movsziszian, Karen"]
[Black "Kaspi, Alexander"]
[Result "1-0"]
[WhiteElo "2485"]
[BlackElo "2452"]
[PlyCount "49"]
[EventDate "2019.04.16"]
[EventType "team-swiss"]
[EventRounds "9"]
[EventCountry "GRE"]
[SourceTitle "CBM 190 Extra"]
[Source "ChessBase"]
[SourceDate "2019.07.15"]
[SourceVersion "1"]
[SourceVersionDate "2019.07.15"]
[SourceQuality "1"]
[WhiteTeam "Armenia"]
[BlackTeam "Israel"]
[WhiteTeamCountry "ARM"]
[BlackTeamCountry "ISR"]

1. g3 d5 2. Nf3 c5 3. Bg2 Nc6 4. 0-0 e5 5. d3 f6 6. e4 Be6 7. exd5 Bxd5 8. Nc3 Be6 9. Re1 Qd7 10. a3 Nge7 11. b4 Nd5 12. Nxd5 Bxd5 13. c3 0-0-0 14. Be3 Be6 15. Qa4 Qxd3 16. b5 Ne7 17. Bxc5 a6 18. Bb6 Rd7 19. c4 Kb8 20. Rad1 Qc3 21. bxa6 Rxd1 22. Rxd1 Nc8 23. axb7 Nxb6 24. Rd8+ Kxb7 25. Nd4+ 1-0

[Event "Andorra op 35th"]
[Site "Escaldes"]
[Date "2017.07.26"]
[Round "5"]
[White "Kaspi, Alexander"]
[Black "Gomez Anadon, Daniel"]
[Result "1/2-1/2"]
[WhiteElo "2435"]
[BlackElo "2165"]
[PlyCount "78"]
[EventDate "2017.07.22"]
[EventType "swiss"]
[EventRounds "9"]
[EventCountry "AND"]
[SourceTitle "CBM 179 Extra"]
[Source "ChessBase"]
[SourceDate "2017.08.23"]
[SourceVersion "1"]
[SourceVersionDate "2017.08.23"]
[SourceQuality "1"]

1. d4 d5 2. c4 e6 3. Nc3 c6 4. Nf3 Nf6 5. Bg5 dxc4 6. a4 Bb4 7. e4 Bxc3+ 8. bxc3 Qa5 9. e5 Ne4 10. Bd2 Qd5 11. a5 c5 12. Qa4+ Bd7 13. Bxc4 Bxa4 14. Bxd5 Bc6 15. Bxc6+ Nxc6 16. Ke2 cxd4 17. cxd4 Nxd2 18. Kxd2 0-0-0 19. Ra4 Rd5 20. Rha1 Rhd8 21. Ke3 h6 22. R1a3 a6 23. g4 Kb8 24. h3 f6 25. exf6 gxf6 26. Ke4 h5 27. Ke3 hxg4 28. hxg4 Rg8 29. Kf4 Rgd8 30. Ke3 Rg8 31. Kf4 Nxd4 32. Nxd4 e5+ 33. Kf3 exd4 34. Rd3 Rgd8 35. Ke4 Re5+ 36. Kf4 Red5 37. Ke4 Re5+ 38. Kf4 Red5 39. Ke4 Re5+ 1/2-1/2

[Event "Andorra op 35th"]
[Site "Escaldes"]
[Date "2017.07.25"]
[Round "4"]
[White "Baron, Tal"]
[Black "Kaspi, Alexander"]
[Result "1/2-1/2"]
[WhiteElo "2547"]
[BlackElo "2435"]
[PlyCount "43"]
[EventDate "2017.07.22"]
[EventType "swiss"]
[EventRounds "9"]
[EventCountry "AND"]
[SourceTitle "CBM 179 Extra"]
[Source "ChessBase"]
[SourceDate "2017.08.23"]
[SourceVersion "1"]
[SourceVersionDate "2017.08.23"]
[SourceQuality "1"]

1. e4 c5 2. Nf3 d6 3. d4 cxd4 4. Nxd4 Nf6 5. Nc3 a6 6. Bg5 e6 7. f4 Be7 8. Qf3 Qc7 9. 0-0-0 Nbd7 10. g4 b5 11. Bxf6 Nxf6 12. g5 Nd7 13. f5 0-0 14. h4 b4 15. Nce2 Bb7 16. Bg2 e5 17. f6 exd4 18. fxe7 Rfe8 19. Nxd4 g6 20. h5 Ne5 21. Qg3 Rxe7 22. Rhf1 1/2-1/2

[Event "Maccabiah IM-B"]
[Site "Jerusalem"]
[Date "2017.07.14"]
[Round "9"]
[White "Bar, Roman"]
[Black "Kaspi, Alexander"]
[Result "0-1"]
[WhiteElo "2471"]
[BlackElo "2435"]
[PlyCount "64"]
[EventDate "2017.07.05"]
[EventType "tourn"]
[EventRounds "9"]
[EventCountry "ISR"]
[EventCategory "3"]
[SourceTitle "CBM 179 Extra"]
[Source "ChessBase"]
[SourceDate "2017.08.23"]
[SourceVersion "1"]
[SourceVersionDate "2017.08.23"]
[SourceQuality "1"]

1. e4 c5 2. Nf3 d6 3. Bb5+ Nd7 4. 0-0 Ngf6 5. Re1 a6 6. Bd3 e5 7. c3 Be7 8. Bc2 0-0 9. d4 Re8 10. a4 b6 11. Nbd2 cxd4 12. cxd4 exd4 13. Nxd4 Bb7 14. Nf5 Bf8 15. b3 g6 16. Ng3 d5 17. Bb2 h5 18. exd5 Rxe1+ 19. Qxe1 Bxd5 20. Nge4 Bg7 21. Rc1 Qf8 22. Nxf6+ Nxf6 23. Bd3 Re8 24. Qd1 Ng4 25. Bxg7 Qxg7 26. Nf1 Nxf2 27. Qd2 Nh3+ 28. gxh3 Qd4+ 29. Qf2 Qxd3 30. Re1 Rxe1 31. Qxe1 Qd4+ 32. Ne3 Bxb3 0-1

[Event "Maccabiah IM-B"]
[Site "Jerusalem"]
[Date "2017.07.10"]
[Round "5"]
[White "Kaspi, Alexander"]
[Black "Kudischewitsch, David"]
[Result "1/2-1/2"]
[WhiteElo "2435"]
[BlackElo "2330"]
[PlyCount "75"]
[EventDate "2017.07.05"]
[EventType "tourn"]
[EventRounds "9"]
[EventCountry "ISR"]
[EventCategory "3"]
[SourceTitle "CBM 179 Extra"]
[Source "ChessBase"]
[SourceDate "2017.08.23"]
[SourceVersion "1"]
[SourceVersionDate "2017.08.23"]
[SourceQuality "1"]

1. d4 Nf6 2. c4 c6 3. Nf3 b5 4. cxb5 Qa5+ 5. Bd2 Qxb5 6. Qc2 Ba6 7. Nc3 Qb7 8. g3 e6 9. Bg2 Be7 10. 0-0 0-0 11. Rfe1 d5 12. e4 Rc8 13. Rab1 Nbd7 14. e5 Ne8 15. b4 Bc4 16. Bg5 Bxg5 17. Nxg5 g6 18. Qd2 Ng7 19. Na4 h6 20. Nf3 Kh7 21. Rb2 Qc7 22. Bf1 Bxf1 23. Rxf1 a5 24. Rfb1 axb4 25. Rxb4 Ra7 26. R1b2 Qa5 27. g4 c5 28. dxc5 Nxc5 29. Nxc5 Rxc5 30. Qf4 Qc7 31. Rb8 g5 32. Qd2 Rc3 33. R8b3 Rc1+ 34. Kg2 Qc4 35. h3 Qf1+ 36. Kg3 Rac7 37. Qd3+ Qxd3 38. Rxd3 1/2-1/2

[Event "Maccabiah IM-B"]
[Site "Jerusalem"]
[Date "2017.07.09"]
[Round "4"]
[White "Manakova, Maria"]
[Black "Kaspi, Alexander"]
[Result "0-1"]
[WhiteElo "2291"]
[BlackElo "2435"]
[PlyCount "114"]
[EventDate "2017.07.05"]
[EventType "tourn"]
[EventRounds "9"]
[EventCountry "ISR"]
[EventCategory "3"]
[SourceTitle "CBM 179 Extra"]
[Source "ChessBase"]
[SourceDate "2017.08.23"]
[SourceVersion "1"]
[SourceVersionDate "2017.08.23"]
[SourceQuality "1"]

1. e4 c5 2. Nf3 d6 3. Bb5+ Nd7 4. d4 Ngf6 5. Nc3 cxd4 6. Qxd4 e5 7. Qd3 Be7 8. Bg5 0-0 9. Bxd7 Qxd7 10. Bxf6 Bxf6 11. Rd1 Rd8 12. Nd5 Kf8 13. Nxf6 gxf6 14. 0-0 Qc6 15. Nd2 Bg4 16. f3 Be6 17. b3 d5 18. Qe3 Qb6 19. Qxb6 axb6 20. a4 Rac8 21. Rc1 d4 22. f4 exf4 23. Rxf4 Ke7 24. h3 Rc3 25. Nb1 Rc5 26. Rf3 b5 27. axb5 Rxb5 28. Rd1 Rc5 29. Na3 Re5 30. Rfd3 b5 31. Rxd4 Ra8 32. Nb1 Rc5 33. R4d2 b4 34. Rf2 f5 35. Nd2 Ra2 36. Rc1 fxe4 37. Nxe4 Re5 38. c4 Rxf2 39. Nxf2 Re3 40. Rb1 Bf5 41. Rb2 Rc3 42. Ng4 Bc2 43. Kf2 Kd6 44. Ne3 Bxb3 45. Rd2+ Kc6 46. Rd4 Ba2 47. Rf4 b3 48. Rf6+ Kc5 49. Rf5+ Kd4 50. Nd1 Rc1 51. Rxf7 Rxd1 52. Rd7+ Kxc4 53. Rxd1 b2 54. Ke3 b1Q 55. Rxb1 Bxb1 56. Kf4 Kd3 57. h4 Ke2 0-1

[Event "Maccabiah IM-B"]
[Site "Jerusalem"]
[Date "2017.07.07"]
[Round "3"]
[White "Kaspi, Alexander"]
[Black "Bronstein, Or"]
[Result "1-0"]
[WhiteElo "2435"]
[BlackElo "2276"]
[PlyCount "115"]
[EventDate "2017.07.05"]
[EventType "tourn"]
[EventRounds "9"]
[EventCountry "ISR"]
[EventCategory "3"]
[SourceTitle "CBM 179 Extra"]
[Source "ChessBase"]
[SourceDate "2017.08.23"]
[SourceVersion "1"]
[SourceVersionDate "2017.08.23"]
[SourceQuality "1"]

1. d4 Nf6 2. c4 e6 3. Nc3 Bb4 4. e3 0-0 5. Bd3 d5 6. Nge2 dxc4 7. Bxc4 c5 8. a3 Bxc3+ 9. bxc3 Qc7 10. Bd3 e5 11. dxe5 Qxe5 12. Qc2 b6 13. f3 Ba6 14. Bxa6 Nxa6 15. e4 Rfe8 16. Bf4 Qe6 17. c4 Nb8 18. Be3 Nc6 19. Nf4 Qe5 20. Rd1 Rad8 21. 0-0 Nd4 22. Qf2 Nb3 23. Qc2 Nd4 24. Qf2 Nb3 25. Rxd8 Rxd8 26. Qc2 Nd4 27. Qa4 Nf5 28. Bc1 Qd4+ 29. Kh1 Ne3 30. Bxe3 Qxe3 31. Nd5 Nxd5 32. cxd5 Qe2 33. Rg1 a6 34. Qc6 Qb2 35. Qc7 Rf8 36. d6 h5 37. d7 Qf6 38. Rd1 Rd8 39. h3 h4 40. e5 Qe7 41. f4 g6 42. Rd6 Kg7 43. Qc6 b5 44. e6 fxe6 45. Rxe6 Qf7 46. Rd6 Kh7 47. Rd1 c4 48. Qc7 Qe7 49. f5 Kg7 50. fxg6 Qf6 51. Qc5 Kg8 52. Qd5+ Kg7 53. Qh5 Qxg6 54. Qxh4 Qf6 55. Qg3+ Qg6 56. Qc7 Qf6 57. Re1 Qc3 58. Re8 1-0

[Event "Jerusalem Japhet Memorial op 3rd"]
[Site "Jerusalem"]
[Date "2016.07.15"]
[Round "7"]
[White "Kaspi, Alexander"]
[Black "Dvoirys, Semen I"]
[Result "1/2-1/2"]
[WhiteElo "2434"]
[BlackElo "2520"]
[PlyCount "21"]
[EventDate "2016.07.10"]
[EventType "swiss"]
[EventRounds "7"]
[EventCountry "ISR"]
[SourceTitle "CBM 173 Extra"]
[Source "ChessBase"]
[SourceDate "2016.08.29"]
[SourceVersion "1"]
[SourceVersionDate "2016.08.29"]
[SourceQuality "1"]

1. d4 Nf6 2. c4 e6 3. Nc3 d5 4. cxd5 exd5 5. Nf3 c6 6. Bg5 Be7 7. e3 Nfd7 8. Bxe7 Qxe7 9. Bd3 Nf6 10. 0-0 0-0 11. Qc2 1/2-1/2

[Event "EU-Cup 31st"]
[Site "Skopje"]
[Date "2015.10.23"]
[Round "6.4"]
[White "Kaspi, Alexander"]
[Black "Christiansen, Johan Sebastian"]
[Result "1/2-1/2"]
[WhiteElo "2440"]
[BlackElo "2391"]
[PlyCount "83"]
[EventDate "2015.10.18"]
[EventType "team-swiss"]
[EventRounds "7"]
[EventCountry "MKD"]
[SourceTitle "CBM 169"]
[Source "ChessBase"]
[SourceDate "2015.11.10"]
[SourceVersion "1"]
[SourceVersionDate "2015.11.10"]
[SourceQuality "1"]
[WhiteTeam "Rishon Le Zion"]
[BlackTeam "Vaalerenga"]
[WhiteTeamCountry "ISR"]
[BlackTeamCountry "NOR"]

1. d4 d5 2. c4 dxc4 3. Nf3 a6 4. e3 b5 5. a4 Bb7 6. b3 e6 7. axb5 axb5 8. Rxa8 Bxa8 9. bxc4 bxc4 10. Bxc4 Nf6 11. 0-0 Nbd7 12. Qe2 Be7 13. Nbd2 c5 14. Bb2 0-0 15. h3 Qc7 16. Rc1 cxd4 17. Ba6 Qa7 18. Bxd4 Bc5 19. Bb5 Bxd4 20. Nxd4 Ne5 21. Qf1 Rd8 22. Nc4 Nxc4 23. Qxc4 Bd5 24. Qc7 Qxc7 25. Rxc7 g6 26. Bc6 Bxc6 27. Rxc6 Ra8 28. Rc2 Ne4 29. g3 Nd6 30. h4 Ra5 31. Kg2 Nf5 32. Nc6 Ra4 33. Rd2 Ra6 34. Ne5 Ra5 35. Nd7 Kg7 36. e4 Ne7 37. Rc2 Ra7 38. Ne5 Ng8 39. g4 Nf6 40. f3 Nd7 41. Nxd7 Rxd7 42. Kg3 1/2-1/2